000 01190nac a22003017a 4500
001 BR8201270
003 BR-BrBNA
005 20240105115247.0
008 230509b bl.|||m| |||| 00| 0 por d
040 _aBR-BrBNA
_bpor
_cBiblioteca Nacional de Agricultura
072 _aF30
090 _a1126 BR8201270
100 1 _aCarvalho, E.J.M.
100 1 _aOliveira, R.P. de
110 1 _aUnidade de Execucao de Pesquisa de Ambito Estadual de Altamira, PA (Brasil)
_910343
245 1 _aAvaliacao do comportamento de cultivares de abacaxi na regiao da Transamazonica [Ananas comosus; Variedade; Brasil]
246 1 _a[Evaluation of the performance of pineapple cultivars in the Transamazonic highway area [Ananas comosus; Variety; Brazil]]
260 3 _aAltamira, PA (Brasil):
_c1981.
300 _a3 p.
490 _aPesquisa em Andamento - Unidade de Execucao de Pesquisa de Ambito Estadual de Altamira (Brazil)
_vno. 17
_xISSN 0101-2665
650 _aMelhoramento genetico vegetal
650 _aAbacaxi
650 _aVariedade
650 _aComportamento de variedade
650 _aTransamazonica
909 _a202312
_bLúcia Elande
_c55
_dLúcia Elande
942 _2AGRIS
_n0
_cMS
999 _c273935
_d273935